| 000 | 00765nam a2200229 a 4500 | ||
|---|---|---|---|
| 005 | 20140310183156.0 | ||
| 008 | 021007s19uu xx 00 eng d | ||
| 020 | _a9715841996 | ||
| 050 |
_aRD 32.3 _b.G65 1996 |
||
| 100 | _aGoldman, Maxine A | ||
| 245 |
_aPocket guide to the operating room / _cMaxine A. Goldman. |
||
| 250 | _a2nd ed. | ||
| 260 |
_aPhila : _bF.A. Davis, _c1996. |
||
| 300 |
_a655 p. : _c20 cm. |
||
| 500 | _a"Reprinted & exclusively distributed by C&E Pub." | ||
| 521 | _aNUR | ||
| 650 |
_aSurgery, Operative _xHandbooks, manuals, etc. |
||
| 650 |
_aSurgical instruments and apparatus _xHandbooks, manuals, etc. |
||
| 650 |
_aOperating rooms _xEquipment and supplies _xHandbooks, manuals, etc. |
||
| 942 |
_cBK _2lcc _kFOR |
||
| 999 |
_c19764 _d19764 |
||